000 00432cam a2200181ua 4500
020 _c5.00
041 _aeng
_h
082 _a530
_bOUS/TE
100 _aOuseph, C C.
245 _aText book of physics Part-1 /
_cC.C.Ouseph.
_hTextual Documents
260 _aChennai :
_bS.Viswanathan ,
_c1965.
300 _a478 ; .
365 _a5.00
504 _a
700 1 _aDevassy, C.P .
942 _cBK
999 _c10107
_d10107